'Rat-' Vocabulary Quiz Stats

 Plays Quiz Updated Nov 1, 2017

Challenge
Share
Tweet
Embed
Score 0/18 Timer 05:00
4 Plays Today
% Correct
Ratatouille
97.5%
Rattle
91.2%
Rattlesnake
91.1%
Ratify
90.9%
Ratio
90.5%
Rational
89.5%
Ration
87.3%
Rate
87.2%
Rationale
86%
% Correct
Ratty
84.5%
Ratchet
80.5%
Rating
79.8%
Rattan
74.8%
Rattus
69%
Rather
61%
Ratoon
41.7%
Ratite
40.6%
Ratal
22.2%

You're not logged in!

Compare scores with friends on all Sporcle quizzes.
OR
Log In

You Might Also Like...

Show Comments

Extras

Top Quizzes Today


Score Distribution

Your Account Isn't Verified!

In order to create a playlist on Sporcle, you need to verify the email address you used during registration. Go to your Sporcle Settings to finish the process.

Report this User

Report this user for behavior that violates our Community Guidelines.

Details: